Interplay : (Record no. 43111)
[ view plain ]
| 000 -LEADER | |
|---|---|
| fixed length control field | 00790cam a22002414a 4500 |
| 001 - CONTROL NUMBER | |
| control field | 13140451 |
| 005 - DATE AND TIME OF LATEST TRANSACTION | |
| control field | 20180222034030.0 |
| 008 - FIXED-LENGTH DATA ELEMENTS--GENERAL INFORMATION | |
| fixed length control field | 030328s2004 nyua b 001 0 eng |
| 010 ## - LIBRARY OF CONGRESS CONTROL NUMBER | |
| LC control number | 2003048688 |
| 020 ## - INTERNATIONAL STANDARD BOOK NUMBER | |
| International Standard Book Number | 0195167074 |
| 040 ## - CATALOGING SOURCE | |
| Original cataloging agency | DLC |
| Transcribing agency | DLC |
| Modifying agency | DLC |
| 041 ## - LANGUAGE CODE | |
| Language code of text/sound track or separate title | eng |
| 042 ## - AUTHENTICATION CODE | |
| Authentication code | pcc |
| 080 ## - UNIVERSAL DECIMAL CLASSIFICATION NUMBER | |
| Universal Decimal Classification number | 302.2 |
| 082 00 - DEWEY DECIMAL CLASSIFICATION NUMBER | |
| Classification number | 302.2 ADL |
| Edition number | 21 |
| 100 1# - Rafti | |
| Rafti | 50 |
| 101 ## - Shkurtesa | |
| Shkurtesa | SOC |
| 245 10 - TITLE STATEMENT | |
| Title | Interplay : |
| Statement of responsibility, etc | Ronald B. Adler, Lawrence B. Rosenfeld, Russell F. Proctor II. |
| 504 ## - BIBLIOGRAPHY, ETC. NOTE | |
| Bibliography, etc | Includes bibliographical references (p. 384-417) and indexes. |
| 906 ## - LOCAL DATA ELEMENT F, LDF (RLIN) | |
| a | 7 |
| b | cbc |
| c | orignew |
| d | 1 |
| e | ocip |
| f | 20 |
| g | y-gencatlg |
| 942 ## - ADDED ENTRY ELEMENTS (KOHA) | |
| Source of classification or shelving scheme | |
| Item type | Books |
| Withdrawn status | Lost status | Source of classification or shelving scheme | Damaged status | Not for loan | Collection code | Permanent location | Current location | Shelving location | Date acquired | Total Checkouts | Full call number | Barcode | Date last seen | Price effective from | Koha item type |
|---|---|---|---|---|---|---|---|---|---|---|---|---|---|---|---|
| Koleksioni i përgjithshem | UBT - Lipjan | UBT - Lipjan | Koleksioni i përgjithshem | 02/22/2018 | 302.2 ADL | 002-2999781 | 02/22/2018 | 02/22/2018 | Books | ||||||
| Koleksioni i përgjithshem | UBT - Lipjan | UBT - Lipjan | Koleksioni i përgjithshem | 02/22/2018 | 302.2 ADL | 002-2999787 | 02/22/2018 | 02/22/2018 | Books | ||||||
| Koleksioni i përgjithshem | UBT - Lipjan | UBT - Lipjan | Koleksioni i përgjithshem | 02/22/2018 | 302.2 ADL | 002-2999780 | 02/22/2018 | 02/22/2018 | Books | ||||||
| Koleksioni i përgjithshem | UBT - Lipjan | UBT - Lipjan | Koleksioni i përgjithshem | 02/22/2018 | 302.2 ADL | 002-2999776 | 02/22/2018 | 02/22/2018 | Books | ||||||
| Koleksioni i përgjithshem | UBT - Lipjan | UBT - Lipjan | Koleksioni i përgjithshem | 02/22/2018 | 302.2 ADL | 002-2999782 | 02/22/2018 | 02/22/2018 | Books | ||||||
| Koleksioni i përgjithshem | UBT - Lipjan | UBT - Lipjan | Koleksioni i përgjithshem | 02/22/2018 | 302.2 ADL | 002-2999775 | 02/22/2018 | 02/22/2018 | Books | ||||||
| Koleksioni i përgjithshem | UBT - Lipjan | UBT - Lipjan | Koleksioni i përgjithshem | 02/22/2018 | 302.2 ADL | 002-2999770 | 02/22/2018 | 02/22/2018 | Books |